000 00316nam a2200145Ia 4500
100 _aHahn harley
942 _cBK
654 _aComputer
245 _aThe Internet Complete Reference
260 _bTata Mc Graw hill
_aNew Delhi
_c1997
082 _a4.6
_bHAH
300 _a802
546 _aENGLISH
999 _c28235
_d28235